00377pab a2200133 454500008004000000100002000040245006800060260000900128300001400137362000900151650003200160700001800192773003300210180718b2003 xxu||||| |||| 00| 0 eng d aKhan, Mohsin S. aIMF conditionality and country ownership of adjustment programs c2003 ap.227-48. aFall aInternational Monetary Fund aSharma, Sunil aWorld Bank Research Observer